000 00849nam a22002537a 4500
005 20170123162344.0
010 _aA-770659
020 _c35.00
_a8186232206
035 _aA-770659
037 _bCen Lib/Ret
040 _aDPL
_bUR
082 _a841
_bپ ر و
100 _aپروین شاکر
_9129762
245 _aخود کلامی /
_cپروین شاکر
246 _aKhud kalami /
_bby Parveen Shakir
260 _aدہلی
_bایجوکیشنل پبلشنگ ہاؤس
_c1995
270 _bدہلی
_a٣١٠٨، گلی عزیزددیں وکیل کوچہ پنڈت لال کوان
_e110006
300 _a183p.
_c17cm(Hb)
650 _aادب -- اردو
_9129763
650 _aاردو غزل
_9129764
650 _aLiterature -- Urdu
_9129765
650 _aUrdu ghazal
_948786
942 _2ddc
_cUR
_h841
_mپ ر و
999 _c108732
_d108732